Random Pop Culture Quiz Stats

 Plays Quiz not verified by Sporcle

Challenge
Share
Tweet
Embed
Score 0/16 Timer 05:00
0 Plays Today
Question Answer % Correct
Name any NBA team's nickname that is not plural.Jazz,Heat,Magic,Thunder
67.1%
What is the longest running game show?The Price Is Right
59.3%
Name a one word Beatles' albumHelp!,Revolver
52.5%
What is the full name of the band CCR?Creedence Clearwater Revival
51.4%
What is the name of Eminem's character in 8 mile?Jimmy 'B-Rabbit' Smith
37.9%
What is the name of Cam and Mitchell's adopted baby girl on Modern Family?Lily
36.4%
Who is the leader in NFL rushing touchdowns all time?Emmitt Smith
31.1%
On Friends, what does Ross yell as they are moving a couch down steps?Pivot
30.9%
Question Answer % Correct
What NHL team has a link to the octopus?Detroit Red Wings
30.9%
What was the name of the dolphin in Ace Ventura: Pet DetectiveSnowflake
30.5%
From his TV show, what is Dexter's last name?Morgan
27.5%
Who is 4th all time for home runs?Willie Mays
24.3%
What is the name of humans' real world city in the Matrix?Zion
21.6%
What famous golfer is repeatedly disappointed at Happy Gilmore?Lee Trevino
17.9%
What is Alice Cooper's real name?Vincent Furnier
7.7%
What was Carrie Underwood's first #1 single?Inside your heaven
7.7%

You're not logged in!

Compare scores with friends on all Sporcle quizzes.
Join for Free
OR
Log In

You Might Also Like...

Show Comments

Extras

Created Jun 22, 2011ReportNominate
Tags:culture, opinion, pop

Top Quizzes Today


Score Distribution

Your Account Isn't Verified!

In order to create a playlist on Sporcle, you need to verify the email address you used during registration. Go to your Sporcle Settings to finish the process.

Report this User

Report this user for behavior that violates our Community Guidelines.

Details: